000 01053nam a22002657a 4500
001 9113
003 FISKH
005 20251121141525.0
008 251121b cb ||||| |||| 00| 0 eng d
020 _a9788966291908
040 _aFISKH
_beng
_cFISKH
_dFISKH
050 _aPZ7
082 _a813.6
100 _aHenzel, Cynthia Kennedy
_eAuthor
245 _aThe silly wishes /
_cWritten by Cynthia Kennedy Henzel
260 _aSeoul :
_bCaramel Tree ,
_c2012
300 _a32 pages :
_bcolor illustrations ;
_c24 cm
505 _aE
520 _aThe lazy fisherman and his lazy are hungry. The fisherman has no choice but to go and catch a fish for their dinner. However, the fisherman catches a magical fish which offers him three wishes for releasing him back into the sea. The fisherman and his wife waste their wishes quickly, but eventually realize their love for each other is more important than any wish.
521 8 _a250
_bLexile
521 8 _aE
_bRaz-Plus
650 _aFisherman
_vWishes
942 _2ddc
_cBK
_n0
999 _c9113
_d9113